000 00303nam a22001337a 4500
008 170928b xxu||||| |||| 00| 0 eng d
020 _a9780521004404
041 _aeng
080 _a37
100 _a47
101 _aEDU
245 _aMETHODOLOGY IN LANGUAGE TEACHING
_cRICHARDS,J.C
942 _2udc
_cBK
999 _c30565
_d30565